Feo, Fuerte y Formal - Loquillo y Trogloditas - Estadísticas

Estadísticas generales
  • Esta prueba ha sido intentada 159 veces
  • La puntuación promedio es 190 de 214
Estadísticas de respuestas
% Correcto
a
99%
forma
99%
Verso 1 No
99%
no
99%
y
99%
Y
99%
de
98%
para
98%
¿Para
98%
sabes
98%
sabes:
98%
si
98%
"Si
98%
el
97%
feo,
97%
fuerte
97%
97%
Verso 2 | Verso 4 Mi
97%
mi
97%
pero
97%
se
97%
soy
97%
amigos,
96%
aquí
96%
hacer
96%
que
96%
Que
96%
qué
96%
vine
96%
conmigo
94%
contar
94%
formal
94%
puedes
94%
siempre
94%
Siempre
94%
son
94%
Dicen
93%
lo
93%
un
93%
Ya
93%
en
92%
Verso 3 En
92%
sentimental
92%
fondo
91%
sonrisa
91%
una
91%
animal,
90%
complicidad
90%
familia
90%
la
90%
tu
90%
Estribillo Dame
89%
gente
89%
normal,
89%
igual
88%
mismo,
88%
Nada
88%
nada
88%
será
88%
del
87%
pelear?
87%
Toda
87%
toda
87%
vida
87%
día
85%
discutir
85%
tanto
85%
corte
84%
luz
84%
moral
84%
detendrá
83%
otra
82%
plena
82%
dispuesto
80%
época
80%
natural
80%
calor
79%
como
79%
noche
79%
problemas
79%
sus
79%
bien,
76%
Hombre
75%
allá
73%
más
73%
me
73%
resuelven
73%
hasta
72%
infinito
72%
fama
70%
cabal
69%
carta
69%
precederá
67%
te
67%
duque:
65%
está:
65%
palabra,
64%
Dios
61%
doy
60%
romperá"
60%
escrito
52%
vive
40%
arreglarte
26%
No se encontraron pruebas coincidentes
Distribución de puntuación
Porcentaje de gente con cada puntuación
Porcentaje por número respondido
Historial de tus puntuaciones
No has intentado esta prueba.